Doctorado en liderazgo educacional para la República Dominicana : (Registro nro. 6028)
[ vista simple ]
| 000 -CABECERA | |
|---|---|
| campo de control de longitud fija | 00952nam a2200253 a 4500 |
| 001 - NÚMERO DE CONTROL | |
| campo de control | 000006233 |
| 003 - IDENTIFICADOR DEL NÚMERO DE CONTROL | |
| campo de control | DO-SdBNP |
| 005 - FECHA Y HORA DE LA ÚLTIMA TRANSACCIÓN | |
| campo de control | 20250310102412.0 |
| 008 - DATOS DE LONGITUD FIJA--INFORMACIÓN GENERAL | |
| campo de control de longitud fija | 090827s2005 dr 001 0 spa d |
| 020 ## - NÚMERO INTERNACIONAL ESTÁNDAR DEL LIBRO | |
| Número Internacional Estándar del Libro | 9993425567 |
| 040 ## - FUENTE DE LA CATALOGACIÓN | |
| Centro catalogador/agencia de origen | DO-SdBNP |
| Lengua de catalogación | spa |
| Centro/agencia transcriptor | BNPHU |
| 082 ## - NÚMERO DE LA CLASIFICACIÓN DECIMAL DEWEY | |
| Número de clasificación | 370.97293 |
| Número de documento/Ítem | D637L |
| 245 00 - MENCIÓN DE TÍTULO | |
| Título | Doctorado en liderazgo educacional para la República Dominicana : |
| Resto del título | resúmenes de tesis doctorales. |
| 260 ## - PUBLICACIÓN, DISTRIBUCIÓN, ETC. | |
| Lugar de publicación, distribución, etc. | Santo Domingo : |
| Nombre del editor, distribuidor, etc. | INTEC, |
| Fecha de publicación, distribución, etc. | 2005. |
| 300 ## - DESCRIPCIÓN FÍSICA | |
| Extensión | 104 p. ; |
| Dimensiones | 23 cm. |
| 590 ## - NOTA LOCAL (RLIN) | |
| Nota local | Inventariado, 2018/VM |
| 650 #4 - PUNTO DE ACCESO ADICIONAL DE MATERIA--TÉRMINO DE MATERIA | |
| Término de materia o nombre geográfico como elemento de entrada | Educación |
| Subdivisión geográfica | República Dominicana |
| Subdivisión general | Resumenes |
| 9 (RLIN) | 17420 |
| 650 #4 - PUNTO DE ACCESO ADICIONAL DE MATERIA--TÉRMINO DE MATERIA | |
| Término de materia o nombre geográfico como elemento de entrada | Educación superior |
| Subdivisión geográfica | República Dominicana |
| Subdivisión general | Resumenes |
| 9 (RLIN) | 17421 |
| 650 #4 - PUNTO DE ACCESO ADICIONAL DE MATERIA--TÉRMINO DE MATERIA | |
| Término de materia o nombre geográfico como elemento de entrada | Educación |
| Subdivisión geográfica | República Dominicana |
| Subdivisión general | Tesis y disertaciones académicas |
| 9 (RLIN) | 17422 |
| 650 #4 - PUNTO DE ACCESO ADICIONAL DE MATERIA--TÉRMINO DE MATERIA | |
| Término de materia o nombre geográfico como elemento de entrada | Liderazgo |
| Subdivisión general | Tesis y disertaciones académicas |
| 9 (RLIN) | 17423 |
| 710 2# - PUNTO DE ACCESO ADICIONAL--NOMBRE DE ENTIDAD CORPORATIVA | |
| Nombre de entidad corporativa o nombre de jurisdicción como elemento de entrada | Instituto Tecnológico de Santo Domingo |
| 9 (RLIN) | 78911 |
| 910 ## - DATOS DE OPCIÓN DEL USUARIO (OCLC) | |
| Datos de opción del usuario | Validado. Control de calidad EMS |
| 942 ## - ELEMENTOS DE PUNTO DE ACCESO ADICIONAL (KOHA) | |
| Fuente del sistema de clasificación o colocación | Dewey Decimal Classification |
| Tipo de ítem Koha | Libro |
| Estado de retiro | Estado de pérdida | Restricciones de uso | No para préstamo | Código de colección | Localización permanente | Ubicación/localización actual | Ubicación en estantería | Fecha de adquisición | Número de inventario | Total de préstamos | Signatura topográfica completa | Código de barras | Fecha visto por última vez | Número de copia | Precio válido a partir de | Tipo de ítem Koha |
|---|---|---|---|---|---|---|---|---|---|---|---|---|---|---|---|---|
| Dominicana de Servicio | General | General | Depósito | 27.08.2009 | LF1 | 370.97293 D637L | 6233-30 | 25.06.2020 | e. 3 | 25.06.2020 | Libro y Folleto Colección Dominicana de Servicio | |||||
| Dominicana de Servicio | General | General | Depósito | 14.03.2013 | LF1 | 370.97293 D637L | 6233-40 | 25.06.2020 | e. 4 | 25.06.2020 | Libro y Folleto Colección Dominicana de Servicio | |||||
| Excluido de préstamo | Patrimonio Dominicano | Patrimonio Dominicano | Patrimonio Dominicano | Depósito | 27.08.2009 | LF1 | 370.97293 D637L | 6233-10 | 25.06.2020 | 25.06.2020 | Libro y Folleto Colección Patrimonio Dominicano | |||||
| Excluido de préstamo | Patrimonio Dominicano | Patrimonio Dominicano | Patrimonio Dominicano | Depósito | 27.08.2009 | LF1 | 370.97293 D637L | 6233-20 | 25.06.2020 | e. 2 | 25.06.2020 | Libro y Folleto Colección Patrimonio Dominicano |
